Città della Sardinia - Morte improvvisa - Statistics

Statistiche generali
  • Questo quiz è stato fatto 149 volte
  • Il punteggio medio è 11 su 14
Answers on the Grid
Answers color-coded by a green-red scale on the quiz's grid according to % correct below.
Castelsardo
Palermo
Bosa
Cala Gonone
Salerno
Costa Rei
Cagliari
Reggio di Calabria
Poggibonsi
Nuoro
Alghero
Sassari
Napoli
Oristano
Milano
Genoa
Olbia
Lecco
Bergamo
Quartu Sant‘Elena
Como
Porto Cervo
Villasimius
Venezia
Udine
Santa Teresa Gallura
Santa Cruz de Tenerife
Padron
 
Statistiche sulle risposte
Risposta % Corretto
Cagliari
96%
Nuoro
92%
Olbia
88%
Quartu Sant‘Elena
88%
Oristano
85%
Castelsardo
83%
Porto Cervo
81%
Alghero
79%
Sassari
79%
Santa Teresa Gallura
78%
Cala Gonone
72%
Costa Rei
72%
Villasimius
71%
Bosa
61%
Nessun quiz corrispondente trovato
Distribuzione punteggi
Percentuale di utenti per punteggio
Percentile per numero di risposta
I tuoi punteggi nel tempo
Non hai fatto questo quiz